书目信息 |
| 题名: |
房地产绝对装备
|
|
| 作者: | ;决策资源集团房地产研究中心 编著 | |
| 分册: | ||
| 出版信息: | 大连 大连理工大学出版社 2008.07 |
|
| 页数: | 498页 | |
| 开本: | 26cm | |
| 丛书名: | 决策资源思想库 | |
| 单 册: | ||
| 中图分类: | F293.3 | |
| 科图分类: | ||
| 主题词: | 房地产业--fang di chan ye--中小企业--企业管理 | |
| 电子资源: | ||
| ISBN: | 978-7-5611-4250-9 | |
| 000 | 01118nam 2200265 450 | |
| 001 | 012009908422 | |
| 005 | 20091226083122.39 | |
| 010 | @a978-7-5611-4250-9@dCNY380.00 | |
| 100 | @a20091225d2008 em y0chiy0120 ea | |
| 101 | 0 | @achi |
| 102 | @aCN@b210000 | |
| 105 | @aa z 000yy | |
| 106 | @ar | |
| 200 | 1 | @a房地产绝对装备@Afang di chan jue dui zhuang bei@e491个表格与流程图@f决策资源集团房地产研究中心编著@Fjue ce zi yuan ji tuan fang di chan yan jiu zhong xin bian zhu |
| 210 | @a大连@c大连理工大学出版社@d2008.07 | |
| 215 | @a498页@c图@d26cm | |
| 225 | 2 | @a决策资源思想库@Ajue ce zi yuan si xiang ku |
| 330 | @a本书内容包括:合同管理:寻求控制风险与追求效率之间的平衡、项目控制:用既定流程达到减少人为因素的目的、材料管理:让建材无一浪费的法门等。 | |
| 410 | 0 | @12001 @a决策资源思想库 |
| 517 | 1 | @a491个表格与流程图@A491 ge biao ge yu liu cheng tu |
| 606 | 0 | @a房地产业@Afang di chan ye@x中小企业@x企业管理 |
| 690 | @aF293.3@v4 | |
| 711 | 02 | @a决策资源集团房地产研究中心@Ajue ce zi yuan ji tuan fang di chan yan jiu zhong xin@4编著 |
| 801 | 0 | @aCN@bQSSK@c20091226 |
| 905 | @b768457@dF293.3@eJ968@f1 | |
| 房地产绝对装备:491个表格与流程图/决策资源集团房地产研究中心编著.-大连:大连理工大学出版社,2008.07 |
| 498页:图;26cm.-(决策资源思想库) |
| ISBN 978-7-5611-4250-9:CNY380.00 |
| 本书内容包括:合同管理:寻求控制风险与追求效率之间的平衡、项目控制:用既定流程达到减少人为因素的目的、材料管理:让建材无一浪费的法门等。 |
| ● |
| 相关链接 |
|
|
|
正题名:房地产绝对装备
索取号:F293.3/J968
 
预约/预借
| 序号 | 登录号 | 条形码 | 馆藏地/架位号 | 状态 | 备注 |
| 1 | 768457 | 207684576 | 社科库409/409社科库 107排2列5层/ [索取号:F293.3/J968] | 在馆 |